Vista normal Vista MARC

Entrada Personal Name

Número de registros utilizados en: 4

001 - CONTROL NUMBER

  • control field: 2328

003 - CONTROL NUMBER IDENTIFIER

  • control field: OSt

005 - DATE AND TIME OF LATEST TRANSACTION

  • control field: 20230601164655.0

008 - FIXED-LENGTH DATA ELEMENTS

  • fixed length control field: 230601|| aca||aabn | a|a d

040 ## - CATALOGING SOURCE

  • Original cataloging agency: OSt
  • Transcribing agency: OSt

100 ## - HEADING--PERSONAL NAME

  • Personal name: Bryce Echenique, Alfredo
  • Dates associated with a name: 1939-

670 ## - SOURCE DATA FOUND

  • Source citation: Work cat.: (OSt)5798: Bryce Echenique, Alfredo 1939-, Un mundo para Julius









Instituto Departamental de Cultura del Meta - Red Departamental de Bibliotecas Públicas del Meta.